Agatha Christie's Hercule Poirot's Christmas Characters - Statistics

General Stats
  • This quiz has been taken 25 times
  • The average score is 8 of 28
Answer Stats
Hint Name % Correct
The Belgian detective Hercule Poirot
100%
The tyrannical Lee father and victim Simeon Lee
92%
The crooked favourite son of Mr Lee Harry Lee
63%
The stupid, fat MP son of Mr Lee George Lee
58%
The eldest and most loyal son of Mr Lee Alfred Lee
54%
The wife of the above Lydia Lee
54%
The daughter of the above Pilar Estravados
54%
The favourite son of Mr Lee's deceased wife David Lee
42%
The son of Mr Lee who was "born the wrong side of the blanket" Stephen Grant
38%
The wife of the above Hilda Lee
33%
The Spanish woman who impersonated the above Conchita Lopez
29%
The butler Edward Tressilian
29%
The deceased only daughter of Mr Lee Jennifer Lee
29%
The colonel who helps work on the case Colonel Johnson
25%
The deceased business parter of Mr Lee Ebenezer Farr
25%
The shifty valet Sydney Horbury
21%
The husband of the above Juan Estravados
17%
The vain, childish wife of the above Magdalene Lee
17%
The murderer superintendent son of Mr Lee Superintendent Sugden Lee
17%
The footman Walter Champion
17%
Mr Lee's solicitor Mr Charlton
4%
The kitchen maid Queenie Jones
4%
The deceased wife of Mr Lee Adelaide Lee
0%
The third housemaid Beatrice Moscombe
0%
The cook Emily Reeves
0%
The head housemaid Gladys Spent
0%
The second housemaid Grace Best
0%
The betweenmaid Joan Kench
0%
No matching quizzes found
Score Distribution
Percent of People with Each Score
Percentile by Number Answered
Your Score History
You have not taken this quiz